[Event "North Bay int"]
[Site "North Bay CAN"]
[Date "1998.08.07"]
[Round "5"]
[White "Ciaffone, Robert"]
[Black "Djerkovic, Miladin"]
[Result "0-1"]
[WhiteElo "2205"]
[BlackElo "2265"]
[PlyCount "94"]
[GameId "2160767911806646"]
[EventDate "1998.08.05"]
[EventType "swiss"]
[EventRounds "9"]
[EventCountry "CAN"]
[SourceTitle "EXT 99"]
[Source "ChessBase"]
[SourceDate "1998.11.10"]
[SourceVersion "1"]
[SourceVersionDate "1998.11.10"]
[SourceQuality "1"]

1. e4 e5 2. Nf3 Nc6 3. d4 exd4 4. Nxd4 Nf6 5. Nxc6 bxc6 6. e5 Qe7 7. Qe2 Nd5 8. c4 Nb6 9. Nd2 a5 10. g3 a4 11. Bg2 Ra5 12. f4 Ba6 13. Rb1 Qb4 14. a3 Qe7 15. Be4 Qe6 16. Bd3 Be7 17. b4 axb3 18. Nxb3 Rc5 19. Be3 Rxc4 20. Nd2 Qd5 21. O-O Rc3 22. Bxa6 Rxe3 23. Qg2 Qxg2+ 24. Kxg2 Rxa3 25. Ra1 Rxa1 26. Rxa1 O-O 27. Be2 Ra8 28. Rxa8+ Nxa8 29. Nc4 Nb6 30. Nxb6 cxb6 31. Bg4 d6 32. exd6 Bxd6 33. Bd7 c5 34. Bb5 Kf8 35. Kf3 f5 36. h3 Ke7 37. g4 fxg4+ 38. hxg4 h6 39. Ke4 Kf6 40. Be2 g6 41. Kd5 Bxf4 42. Kc6 Ke5 43. Kxb6 Kd4 44. Kb5 Be3 45. Bc4 h5 46. gxh5 gxh5 47. Be6 h4 0-1

[Event "North Bay int"]
[Site "North Bay CAN"]
[Date "1998.08.07"]
[Round "5"]
[White "Collins, Chris"]
[Black "Ellis, James"]
[Result "0-1"]
[WhiteElo "2232"]
[BlackElo "2271"]
[PlyCount "42"]
[GameId "2160767911806647"]
[EventDate "1998.08.05"]
[EventType "swiss"]
[EventRounds "9"]
[EventCountry "CAN"]
[SourceTitle "EXT 99"]
[Source "ChessBase"]
[SourceDate "1998.11.10"]
[SourceVersion "1"]
[SourceVersionDate "1998.11.10"]
[SourceQuality "1"]

1. e4 c5 2. Nc3 Nc6 3. g3 g6 4. Bg2 Bg7 5. d3 d6 6. f4 e6 7. Nf3 Nge7 8. O-O O-O 9. Be3 Nd4 10. e5 Nef5 11. Bf2 Nxf3+ 12. Qxf3 Nd4 13. Qd1 dxe5 14. fxe5 Bxe5 15. Ne4 f5 16. Nxc5 f4 17. c3 f3 18. cxd4 fxg2 19. Kxg2 Bxd4 20. Qb3 Rxf2+ 21. Rxf2 Bxc5 0-1

[Event "North Bay int"]
[Site "North Bay CAN"]
[Date "1998.08.07"]
[Round "5"]
[White "Cormos, Eugene"]
[Black "Feldman, Steven"]
[Result "1/2-1/2"]
[WhiteElo "2095"]
[BlackElo "2325"]
[PlyCount "91"]
[GameId "2160767911806648"]
[EventDate "1998.08.05"]
[EventType "swiss"]
[EventRounds "9"]
[EventCountry "CAN"]
[SourceTitle "EXT 99"]
[Source "ChessBase"]
[SourceDate "1998.11.10"]
[SourceVersion "1"]
[SourceVersionDate "1998.11.10"]
[SourceQuality "1"]

1. e4 c5 2. c3 d5 3. exd5 Qxd5 4. d4 Nf6 5. Nf3 Bg4 6. Be2 e6 7. Be3 cxd4 8. cxd4 Nc6 9. Nc3 Bb4 10. O-O Qa5 11. Qb3 O-O 12. h3 Bh5 13. Rac1 Rfd8 14. Rfd1 Rac8 15. Na4 Nd5 16. Nc5 Bxc5 17. Rxc5 Qb4 18. Qc2 Qb6 19. a3 Bg6 20. Bd3 Bxd3 21. Rxd3 Nxe3 22. fxe3 Ne7 23. b4 Rxc5 24. dxc5 Qc7 25. Rxd8+ Qxd8 26. Qd2 Qc7 27. Ne5 Nd5 28. Nc4 f5 29. Nd6 b6 30. Qd4 bxc5 31. Qxc5 Qxc5 32. bxc5 Kf8 33. Kf2 a6 34. c6 Ke7 35. Nb7 e5 36. Ke2 e4 37. Kd2 g5 38. g4 f4 39. Nc5 Nxe3 40. c7 Nc4+ 41. Ke2 Nb6 42. Nxe4 h6 43. Kf3 Kd7 44. Nc5+ Kxc7 45. Nxa6+ Kd6 46. Nb4 1/2-1/2

[Event "North Bay int"]
[Site "North Bay CAN"]
[Date "1998.08.07"]
[Round "5"]
[White "Curdo, John"]
[Black "Khassanov, Marat"]
[Result "0-1"]
[WhiteElo "2295"]
[BlackElo "2320"]
[PlyCount "206"]
[GameId "2160767911806649"]
[EventDate "1998.08.05"]
[EventType "swiss"]
[EventRounds "9"]
[EventCountry "CAN"]
[SourceTitle "EXT 99"]
[Source "ChessBase"]
[SourceDate "1998.11.10"]
[SourceVersion "1"]
[SourceVersionDate "1998.11.10"]
[SourceQuality "1"]

1. e4 d5 2. exd5 Nf6 3. Bb5+ Bd7 4. Bc4 Bg4 5. f3 Bc8 6. Nc3 Nbd7 7. Nge2 Nb6 8. Bb3 Nbxd5 9. O-O g6 10. d4 Nxc3 11. bxc3 Bg7 12. Ng3 O-O 13. Bg5 Re8 14. Qd2 a5 15. a4 b6 16. Ne4 Ba6 17. Rfe1 Rc8 18. Nxf6+ exf6 19. Rxe8+ Qxe8 20. Re1 Qd7 21. Bf4 Bf8 22. c4 Bd6 23. Kh1 Rd8 24. Bh6 Bb7 25. c3 Bc6 26. c5 bxc5 27. dxc5 Bxc5 28. Qxd7 Bxd7 29. Bf4 Bd6 30. Bxd6 cxd6 31. Kg1 Kf8 32. Rd1 Be6 33. Bxe6 fxe6 34. Rb1 Rc8 35. Rb6 Ke7 36. Rb7+ Ke8 37. Rxh7 Rxc3 38. Ra7 Rc5 39. Kf2 g5 40. g3 Rc2+ 41. Ke3 Rxh2 42. Rxa5 Kd7 43. Ra7+ Kc6 44. Ra6+ Kc5 45. Ra5+ Kb6 46. Ra8 Rh1 47. a5+ Kc5 48. a6 Ra1 49. a7 Kd5 50. Rf8 Ra3+ 51. Ke2 Rxa7 52. Rxf6 Ra2+ 53. Ke3 Ra3+ 54. Kf2 Ke5 55. Rg6 Kf5 56. Rg8 Ra5 57. g4+ Kf4 58. Rf8+ Ke5 59. Rg8 Kd4 60. Rd8 Rd5 61. Ra8 Re5 62. Ra4+ Kc3 63. Ra3+ Kb4 64. Ra6 d5 65. f4 gxf4 66. g5 Rxg5 67. Rxe6 Rf5 68. Kf3 Kc3 69. Rc6+ Kd4 70. Ra6 Rf8 71. Ra4+ Kc3 72. Ra3+ Kb4 73. Ra7 Kc4 74. Ra4+ Kc5 75. Ra5+ Kd4 76. Ra4+ Ke5 77. Ra7 Rb8 78. Re7+ Kd6 79. Rf7 Rb4 80. Rf8 Re4 81. Ra8 Rb4 82. Rf8 Kc5 83. Rc8+ Kb5 84. Rb8+ Kc4 85. Rd8 Rb3+ 86. Kxf4 d4 87. Rh8 Re3 88. Rc8+ Kd3 89. Ra8 Re7 90. Ra3+ Kc2 91. Ra2+ Kb3 92. Ra8 d3 93. Kf3 d2 94. Rd8 Kc2 95. Rc8+ Kd1 96. Kf2 Rf7+ 97. Kg2 Ra7 98. Kf2 Ra2 99. Kf3 Rc2 100. Ra8 Ke1 101. Re8+ Kf1 102. Rd8 Rc3+ 103. Kf4 Ke2 0-1

[Event "North Bay int"]
[Site "North Bay CAN"]
[Date "1998.08.07"]
[Round "5"]
[White "Divljan, Igor"]
[Black "Charest, Johanne"]
[Result "1-0"]
[WhiteElo "2181"]
[BlackElo "2077"]
[PlyCount "53"]
[GameId "2160767911806651"]
[EventDate "1998.08.05"]
[EventType "swiss"]
[EventRounds "9"]
[EventCountry "CAN"]

1. d4 d5 2. c4 e6 3. Nc3 c5 4. cxd5 cxd4 5. Qxd4 Nc6 6. Qd1 exd5 7. e3 Nf6 8. Nf3 Bd6 9. Bd3 O-O 10. h3 Re8 11. O-O a6 12. b3 Bc7 13. Bb2 Qd6 14. Ne2 Ne4 15. Bxe4 Rxe4 16. Nc3 Ne5 17. Nxe5 Rxe5 18. f4 Rxe3 19. Nxd5 Rg3 20. Qe1 Rxg2+ 21. Kxg2 Qxd5+ 22. Kh2 Be6 23. Qg3 g6 24. Qc3 f6 25. Qxf6 Qd2+ 26. Kg3 Qd7 27. Rad1 1-0

[Event "North Bay int"]
[Site "North Bay CAN"]
[Date "1998.08.07"]
[Round "5"]
[White "Gamback, Bjorn"]
[Black "Dougherty, Michael"]
[Result "1/2-1/2"]
[WhiteElo "2215"]
[BlackElo "2295"]
[PlyCount "57"]
[GameId "2160767911806652"]
[EventDate "1998.08.05"]
[EventType "swiss"]
[EventRounds "9"]
[EventCountry "CAN"]
[SourceTitle "EXT 1999"]
[Source "ChessBase"]
[SourceDate "1998.11.10"]
[SourceVersion "1"]
[SourceVersionDate "1998.11.10"]
[SourceQuality "1"]

1. e4 c5 2. Nf3 Nc6 3. c3 d5 4. exd5 Qxd5 5. d4 cxd4 6. cxd4 e5 7. Nc3 Bb4 8. Bd2 Bxc3 9. Bxc3 e4 10. Ne5 Nxe5 11. dxe5 Ne7 12. Qa4+ Bd7 13. Qb4 Qc6 14. Rd1 Nd5 15. Qxe4 Nxc3 16. Qxc6 Bxc6 17. bxc3 Ke7 18. f3 Rad8 19. Bc4 Rxd1+ 20. Kxd1 Rc8 21. Bb3 a5 22. a3 Bxf3+ 23. gxf3 Rxc3 24. Bc2 Rxf3 25. Ke2 Rxa3 26. Rb1 Ke6 27. Rxb7 Kxe5 28. Rxf7 Rh3 29. Rxg7 1/2-1/2

[Event "North Bay int"]
[Site "North Bay CAN"]
[Date "1998.08.07"]
[Round "5"]
[White "Gardner, Robert"]
[Black "Hummel, Patrick"]
[Result "1-0"]
[WhiteElo "2185"]
[BlackElo "2240"]
[PlyCount "61"]
[GameId "2160767911806653"]
[EventDate "1998.08.05"]
[EventType "swiss"]
[EventRounds "9"]
[EventCountry "CAN"]
[SourceTitle "EXT 99"]
[Source "ChessBase"]
[SourceDate "1998.11.10"]
[SourceVersion "1"]
[SourceVersionDate "1998.11.10"]
[SourceQuality "1"]

1. e4 e6 2. d4 d5 3. Nd2 Nf6 4. e5 Nfd7 5. f4 c5 6. c3 Nc6 7. Ndf3 Qb6 8. g3 cxd4 9. cxd4 Bb4+ 10. Kf2 g5 11. fxg5 Ndxe5 12. Kg2 Nxf3 13. Nxf3 Bd7 14. a3 Bf8 15. b4 Bg7 16. Bb2 h6 17. gxh6 Rxh6 18. h4 O-O-O 19. b5 Ne7 20. Bc1 Rhh8 21. Bg5 Nf5 22. Bxd8 Kxd8 23. Qd2 Bh6 24. Ng5 Be8 25. Qf4 f6 26. g4 fxg5 27. hxg5 Rg8 28. Rxh6 Nxh6 29. gxh6 e5 30. h7 Rh8 31. Qg5+ 1-0

[Event "North Bay int"]
[Site "North Bay CAN"]
[Date "1998.08.07"]
[Round "5"]
[White "Goldenberg, Danny"]
[Black "Saleh, Maher"]
[Result "1/2-1/2"]
[WhiteElo "2325"]
[BlackElo "2220"]
[PlyCount "61"]
[GameId "2160767911806654"]
[EventDate "1998.08.05"]
[EventType "swiss"]
[EventRounds "9"]
[EventCountry "CAN"]
[SourceTitle "EXT 99"]
[Source "ChessBase"]
[SourceDate "1998.11.10"]
[SourceVersion "1"]
[SourceVersionDate "1998.11.10"]
[SourceQuality "1"]

1. e4 Nf6 2. Nc3 d5 3. exd5 Nxd5 4. Bc4 Be6 5. Qf3 c6 6. Nge2 Nc7 7. Bxe6 Nxe6 8. O-O g6 9. d4 Bg7 10. Be3 O-O 11. Rad1 Qa5 12. a3 Rd8 13. Rd2 Nd7 14. Rfd1 Nf6 15. Ne4 Rd7 16. N4g3 Rad8 17. c3 Nd5 18. Rd3 c5 19. b4 cxb4 20. axb4 Qc7 21. Bc1 Rc8 22. Ne4 b6 23. Bb2 Qd8 24. h3 Rdc7 25. Nd2 Bh6 26. Nb3 Nef4 27. Nxf4 Nxf4 28. Re3 Nd5 29. Red3 Nf4 30. Re3 Nd5 31. Red3 1/2-1/2

[Event "North Bay int"]
[Site "North Bay CAN"]
[Date "1998.08.07"]
[Round "5"]
[White "Jackson, Richard"]
[Black "Olson, David L"]
[Result "1-0"]
[WhiteElo "2220"]
[BlackElo "2135"]
[PlyCount "31"]
[GameId "2160767911806657"]
[EventDate "1998.08.05"]
[EventType "swiss"]
[EventRounds "9"]
[EventCountry "CAN"]
[SourceTitle "EXT 99"]
[Source "ChessBase"]
[SourceDate "1998.11.10"]
[SourceVersion "1"]
[SourceVersionDate "1998.11.10"]
[SourceQuality "1"]

1. e4 e5 2. Bc4 Nf6 3. d4 exd4 4. Nf3 Nc6 5. O-O Nxe4 6. Re1 d5 7. Nc3 dxc4 8. Rxe4+ Be6 9. Nxd4 Nxd4 10. Rxd4 Qf6 11. Nb5 Bc5 12. Nxc7+ Ke7 13. Rd7+ Kf8 14. Nxe6+ fxe6 15. Be3 Bxe3 16. fxe3 1-0

[Event "North Bay int"]
[Site "North Bay CAN"]
[Date "1998.08.07"]
[Round "5"]
[White "Khan, Zamir"]
[Black "Southam, David"]
[Result "0-1"]
[WhiteElo "2151"]
[BlackElo "2155"]
[PlyCount "94"]
[GameId "2160767911806658"]
[EventDate "1998.08.05"]
[EventType "swiss"]
[EventRounds "9"]
[EventCountry "CAN"]
[SourceTitle "EXT 99"]
[Source "ChessBase"]
[SourceDate "1998.11.10"]
[SourceVersion "1"]
[SourceVersionDate "1998.11.10"]
[SourceQuality "1"]

1. d4 g6 2. c4 Bg7 3. e4 d6 4. Nc3 Nc6 5. Be3 e5 6. Nge2 exd4 7. Nxd4 Nge7 8. Qd2 O-O 9. O-O-O f5 10. f3 fxe4 11. fxe4 Nxd4 12. Bxd4 Nc6 13. Bxg7 Kxg7 14. Be2 Be6 15. Nb5 a6 16. Nd4 Nxd4 17. Qxd4+ Qf6 18. Qd3 b5 19. Qc2 Qf4+ 20. Kb1 b4 21. Bf3 Qe5 22. h4 h5 23. Qe2 a5 24. b3 a4 25. Qb2 Kf6 26. Rhf1 Qxb2+ 27. Kxb2 Ke5 28. Ra1 Ra7 29. Kc2 Rfa8 30. Rab1 axb3+ 31. axb3 Ra2+ 32. Kd3 R8a3 33. Rfc1 c5 34. Ke3 Bd7 35. Rd1 Bc6 36. Rd3 Rc2 37. Rbd1 Rb2 38. Rxd6 Raxb3+ 39. R6d3 Ba4 40. Ra1 Rxd3+ 41. Kxd3 Bc2+ 42. Ke3 Rb3+ 43. Kf2 Ra3 44. Re1 b3 45. Bd1 Bxd1 46. Rxd1 b2 47. Rb1 Rb3 0-1

[Event "North Bay int"]
[Site "North Bay CAN"]
[Date "1998.08.07"]
[Round "5"]
[White "Kosic, Dragan"]
[Black "Howarth, Anthony"]
[Result "1-0"]
[WhiteElo "2505"]
[BlackElo "2214"]
[PlyCount "111"]
[GameId "2160767911806659"]
[EventDate "1998.08.05"]
[EventType "swiss"]
[EventRounds "9"]
[EventCountry "CAN"]
[SourceTitle "EXT 99"]
[Source "ChessBase"]
[SourceDate "1998.11.10"]
[SourceVersion "1"]
[SourceVersionDate "1998.11.10"]
[SourceQuality "1"]

1. d4 g6 2. e4 Bg7 3. Nc3 d6 4. Be3 c6 5. Qd2 Nd7 6. Nf3 Qc7 7. Bd3 b5 8. h4 h5 9. Ng5 Nb6 10. b3 Nf6 11. f3 a6 12. a4 b4 13. Ne2 a5 14. Rc1 Ba6 15. Bxa6 Rxa6 16. c3 bxc3 17. Qxc3 O-O 18. Qxc6 Qb8 19. Kf2 Ra8 20. Qc7 Nbd7 21. Qxb8 Rfxb8 22. Rc3 Ne8 23. Rhc1 Bh6 24. Nh3 Bxe3+ 25. Kxe3 Rb4 26. R1c2 Nef6 27. Rc8+ Rxc8 28. Rxc8+ Kg7 29. Nc1 Nb6 30. Rc2 Nfd7 31. Nf2 Na8 32. Nfd3 Rb7 33. Nb2 d5 34. e5 Nc7 35. Nbd3 Ne6 36. Rc8 f6 37. f4 fxe5 38. fxe5 Ra7 39. Ne2 g5 40. hxg5 Nxg5 41. Nef4 Rb7 42. Nxd5 Rxb3 43. Rc7 Nf8 44. Rxe7+ Kg6 45. N5f4+ Kf5 46. Nxh5 Ra3 47. Ng3+ Kg6 48. Ne4 Nxe4 49. Kxe4 Rxa4 50. Nf4+ Kh6 51. Ra7 Nh7 52. Ra6+ Kg7 53. Ne6+ Kg8 54. Kf5 Ra2 55. g4 Rf2+ 56. Kg6 1-0

[Event "North Bay int"]
[Site "North Bay CAN"]
[Date "1998.08.07"]
[Round "5"]
[White "Kudrin, Sergey"]
[Black "Milicevic, Goran"]
[Result "1-0"]
[WhiteElo "2540"]
[BlackElo "2370"]
[PlyCount "81"]
[GameId "2160767911806660"]
[EventDate "1998.08.05"]
[EventType "swiss"]
[EventRounds "9"]
[EventCountry "CAN"]
[SourceTitle "EXT 99"]
[Source "ChessBase"]
[SourceDate "1998.11.10"]
[SourceVersion "1"]
[SourceVersionDate "1998.11.10"]
[SourceQuality "1"]

1. e4 e6 2. d4 d5 3. Nd2 dxe4 4. Nxe4 Nd7 5. Bd3 Ngf6 6. Qe2 c5 7. Nxf6+ Nxf6 8. dxc5 Bxc5 9. Nf3 Qc7 10. Bg5 Bd7 11. O-O-O Bd6 12. Rhe1 O-O-O 13. Ne5 Bxe5 14. Qxe5 Qxe5 15. Rxe5 Bc6 16. f3 Rd5 17. Rxd5 Nxd5 18. c4 Nc7 19. Kc2 b5 20. cxb5 Bxb5 21. Bxb5 Nxb5 22. Be3 a6 23. a4 Nc7 24. Rd6 Nd5 25. Bd2 Nc7 26. Ba5 Nd5 27. Kd2 Kb7 28. Rd7+ Kc6 29. Rxf7 Rb8 30. Bc3 Nb6 31. Rxg7 Nxa4 32. Rxh7 Nxb2 33. h4 Rd8+ 34. Ke2 Na4 35. Bf6 Rf8 36. Bd4 Kd5 37. Rd7+ Kc6 38. Ra7 Kb5 39. g4 Rd8 40. Bf6 Rc8 41. h5 1-0

[Event "North Bay int"]
[Site "North Bay CAN"]
[Date "1998.08.07"]
[Round "5"]
[White "Larochelle, Martial"]
[Black "Gulati, Justin"]
[Result "1-0"]
[WhiteElo "2282"]
[BlackElo "2030"]
[PlyCount "73"]
[GameId "2160767911806662"]
[EventDate "1998.08.05"]
[EventType "swiss"]
[EventRounds "9"]
[EventCountry "CAN"]
[SourceTitle "EXT 99"]
[Source "ChessBase"]
[SourceDate "1998.11.10"]
[SourceVersion "1"]
[SourceVersionDate "1998.11.10"]
[SourceQuality "1"]

1. e4 g6 2. d4 Bg7 3. Nc3 d6 4. f4 Nf6 5. Nf3 c5 6. dxc5 Qa5 7. Bd3 Qxc5 8. Qe2 O-O 9. Be3 Qa5 10. O-O Nc6 11. h3 Bd7 12. Qe1 Nb4 13. f5 Nxd3 14. cxd3 gxf5 15. Qh4 fxe4 16. Ng5 h6 17. Ngxe4 Nxe4 18. dxe4 Qe5 19. Bxh6 Bxh6 20. Qxh6 Qg7 21. Qh4 f6 22. Nd5 Rf7 23. Rac1 Bc6 24. Nc7 Rb8 25. Rf5 Qg6 26. Ne6 Rh7 27. Qe1 Kh8 28. Nf4 Qf7 29. Nd5 Rg8 30. Qc3 Qg6 31. Qf3 Bd7 32. Nf4 Qg3 33. Qxg3 Rxg3 34. Nh5 Re3 35. Ra5 Rxe4 36. Rc7 Bc6 37. Rc8+ 1-0

[Event "North Bay int"]
[Site "North Bay CAN"]
[Date "1998.08.07"]
[Round "5"]
[White "Levtchouk, George"]
[Black "Tyomkin, Dimitri"]
[Result "1/2-1/2"]
[WhiteElo "2330"]
[BlackElo "2465"]
[PlyCount "40"]
[GameId "2160767911806663"]
[EventDate "1998.08.05"]
[EventType "swiss"]
[EventRounds "9"]
[EventCountry "CAN"]
[SourceTitle "EXT 99"]
[Source "ChessBase"]
[SourceDate "1998.11.10"]
[SourceVersion "1"]
[SourceVersionDate "1998.11.10"]
[SourceQuality "1"]

1. d4 d5 2. c4 e6 3. Nc3 c6 4. cxd5 exd5 5. Bf4 Bf5 6. e3 Bd6 7. Bxd6 Qxd6 8. Nge2 Ne7 9. Ng3 Bg6 10. h4 h6 11. h5 Bh7 12. Bd3 Bxd3 13. Qxd3 O-O 14. O-O Nd7 15. Nge2 Nf6 16. Nf4 Rfe8 17. g3 Nc8 18. Kg2 Qe7 19. Rae1 Ne4 20. f3 Nxc3 1/2-1/2

[Event "North Bay int"]
[Site "North Bay CAN"]
[Date "1998.08.07"]
[Round "5"]
[White "Peredun, Andrew"]
[Black "Cossette, Daniel"]
[Result "1/2-1/2"]
[WhiteElo "2234"]
[BlackElo "2204"]
[PlyCount "100"]
[GameId "2160767911806669"]
[EventDate "1998.08.05"]
[EventType "swiss"]
[EventRounds "9"]
[EventCountry "CAN"]
[SourceTitle "EXT 99"]
[Source "ChessBase"]
[SourceDate "1998.11.10"]
[SourceVersion "1"]
[SourceVersionDate "1998.11.10"]
[SourceQuality "1"]

1. e4 c5 2. Nf3 Nc6 3. Nc3 g6 4. d4 cxd4 5. Nxd4 Bg7 6. Be3 Nf6 7. Bc4 O-O 8. Bb3 a5 9. f3 d5 10. Nxc6 bxc6 11. e5 Nd7 12. f4 Ba6 13. Qd2 e6 14. Na4 f6 15. exf6 Bxf6 16. O-O-O Rf7 17. g4 e5 18. f5 gxf5 19. gxf5 Kh8 20. Rhg1 Rb8 21. Rg2 Qe7 22. Rdg1 Bb5 23. Qxa5 Rff8 24. Qd2 e4 25. Bd4 Bxa4 26. Bxa4 Bxd4 27. Qxd4+ Qe5 28. c3 c5 29. Qxe5+ Nxe5 30. Rf1 Rg8 31. Rxg8+ Kxg8 32. Bc2 e3 33. Re1 d4 34. b4 d3 35. Rxe3 dxc2 36. Rxe5 cxb4 37. cxb4 Rxb4 38. Kxc2 Rh4 39. Re2 Rf4 40. Kb3 Rxf5 41. Rc2 h5 42. a4 Kf7 43. Ra2 Ke7 44. Kb4 Kd7 45. a5 Kc6 46. Rc2+ Kb7 47. Rc4 Ka6 48. Rc6+ Kb7 49. Rb6+ Ka7 50. Rd6 Rf2 1/2-1/2

[Event "North Bay int"]
[Site "North Bay CAN"]
[Date "1998.08.07"]
[Round "5"]
[White "Puri, Vinny"]
[Black "Fernandez, Daniel"]
[Result "1-0"]
[WhiteElo "2260"]
[BlackElo "2145"]
[PlyCount "68"]
[GameId "2160767911806670"]
[EventDate "1998.08.05"]
[EventType "swiss"]
[EventRounds "9"]
[EventCountry "CAN"]
[SourceTitle "EXT 99"]
[Source "ChessBase"]
[SourceDate "1998.11.10"]
[SourceVersion "1"]
[SourceVersionDate "1998.11.10"]
[SourceQuality "1"]

1. c4 Nf6 2. Nc3 g6 3. e4 d6 4. d4 Bg7 5. f3 O-O 6. Be3 c5 7. Nge2 Nc6 8. Qd2 b6 9. d5 Ne5 10. Nc1 a6 11. a4 Bd7 12. Be2 h5 13. h3 b5 14. axb5 axb5 15. Rxa8 Qxa8 16. cxb5 Bc8 17. O-O Bb7 18. Nb3 Qd8 19. Ra1 Qc7 20. Ra3 Ra8 21. Rxa8+ Bxa8 22. Na4 e6 23. dxe6 fxe6 24. Qa5 Qb8 25. Qb6 Qf8 26. Nc3 Kh7 27. Qc7 Qf7 28. Qxd6 Nfd7 29. Qc7 c4 30. Na5 g5 31. Nxc4 g4 32. hxg4 Nxc4 33. Bxc4 hxg4 34. Qf4 Nf6 1-0

[Event "North Bay int"]
[Site "North Bay CAN"]
[Date "1998.08.07"]
[Round "5"]
[White "Remedios, Russell"]
[Black "Mayo, Alvah"]
[Result "1-0"]
[WhiteElo "2171"]
[BlackElo "2154"]
[PlyCount "50"]
[GameId "2160767911806671"]
[EventDate "1998.08.05"]
[EventType "swiss"]
[EventRounds "9"]
[EventCountry "CAN"]
[SourceTitle "EXT 99"]
[Source "ChessBase"]
[SourceDate "1998.11.10"]
[SourceVersion "1"]
[SourceVersionDate "1998.11.10"]
[SourceQuality "1"]

1. b3 e5 2. Bb2 Nc6 3. e3 d6 4. Nf3 f5 5. c4 Nf6 6. d4 e4 7. Nfd2 Be7 8. Nc3 O-O 9. Be2 Qe8 10. a3 Bd7 11. Qc2 Bd8 12. O-O-O a6 13. Rdg1 Rb8 14. h3 Ne7 15. g4 fxg4 16. hxg4 Qg6 17. g5 Ne8 18. Bh5 Qf5 19. Bg4 Qxg4 20. Rxg4 Bxg4 21. Qxe4 Bf5 22. Qh4 Bg6 23. e4 Nc6 24. Nd5 h6 25. f4 b5 1-0

[Event "North Bay int"]
[Site "North Bay CAN"]
[Date "1998.08.07"]
[Round "5"]
[White "Shapiro, Daniel"]
[Black "Urquhart, Eddie"]
[Result "1-0"]
[WhiteElo "2305"]
[BlackElo "2207"]
[PlyCount "139"]
[GameId "2160767911806672"]
[EventDate "1998.08.05"]
[EventType "swiss"]
[EventRounds "9"]
[EventCountry "CAN"]
[SourceTitle "EXT 99"]
[Source "ChessBase"]
[SourceDate "1998.11.10"]
[SourceVersion "1"]
[SourceVersionDate "1998.11.10"]
[SourceQuality "1"]

1. d4 Nf6 2. c4 g6 3. Nc3 d5 4. Nf3 Bg7 5. Qb3 dxc4 6. Qxc4 a6 7. e4 b5 8. Qb3 Bb7 9. e5 Nd5 10. Bc4 e6 11. Bg5 Ne7 12. d5 Qc8 13. Bxe7 bxc4 14. Qa3 Bxd5 15. Bf6 Bxf6 16. exf6 c5 17. Nxd5 exd5 18. O-O-O O-O 19. Rxd5 Qe6 20. Rhd1 Qxf6 21. Rd6 Qf4+ 22. Qe3 Qxe3+ 23. fxe3 a5 24. Ne5 Re8 25. Nxc4 Na6 26. Nb6 Ra7 27. Nd5 Kg7 28. a3 Nc7 29. Rd7 Nb5 30. Rxa7 Nxa7 31. Kd2 Nb5 32. Rc1 Nd6 33. Kd3 c4+ 34. Kc3 Rb8 35. Kc2 Rb5 36. Nc3 Rg5 37. Rg1 Nf5 38. Kd2 Nh4 39. Ke2 Rxg2+ 40. Rxg2 Nxg2 41. Nd5 f5 42. Kf2 Nh4 43. Nb6 c3 44. bxc3 Kf6 45. Nc4 a4 46. Nb2 Ke5 47. Nxa4 Kd5 48. Nb6+ Kc5 49. Nd7+ Kc4 50. a4 g5 51. Ne5+ Kc5 52. Nf3 Ng6 53. Nxg5 h6 54. Nf7 h5 55. Kf3 Ne7 56. h4 Nd5 57. c4 Kxc4 58. Nd6+ Kb4 59. Nxf5 Kxa4 60. e4 Nf6 61. Ng7 Kb5 62. e5 Ng8 63. Nxh5 Kc6 64. Nf6 Nh6 65. Kf4 Kc7 66. h5 Kd8 67. Ng4 Nf7 68. e6 Nh8 69. Ne5 Ke7 70. Kf5 1-0

[Event "North Bay int"]
[Site "North Bay CAN"]
[Date "1998.08.07"]
[Round "5"]
[White "Wen, Jean-Francois"]
[Black "Yee, Lorne"]
[Result "1/2-1/2"]
[WhiteElo "2217"]
[BlackElo "2263"]
[PlyCount "47"]
[GameId "2160767911806673"]
[EventDate "1998.08.05"]
[EventType "swiss"]
[EventRounds "9"]
[EventCountry "CAN"]
[SourceTitle "EXT 99"]
[Source "ChessBase"]
[SourceDate "1998.11.10"]
[SourceVersion "1"]
[SourceVersionDate "1998.11.10"]
[SourceQuality "1"]

1. d4 g6 2. Bf4 Bg7 3. e3 d6 4. Nf3 Nf6 5. h3 O-O 6. Be2 Nbd7 7. O-O c5 8. c3 b6 9. Nbd2 Bb7 10. a4 a6 11. Qb3 Qc7 12. Bh2 Bc6 13. Qa3 Rfc8 14. b4 cxd4 15. cxd4 a5 16. b5 Bb7 17. Rac1 Qd8 18. Bc4 Bd5 19. Bd3 Rxc1 20. Rxc1 Rc8 21. Rc3 Rc7 22. Qc1 Ne8 23. Be4 Rxc3 24. Qxc3 1/2-1/2

[Event "North Bay int"]
[Site "North Bay CAN"]
[Date "1998.08.07"]
[Round "5"]
[White "Whitehead, Jay"]
[Black "Wenaas, Eric"]
[Result "1-0"]
[WhiteElo "2410"]
[BlackElo "2080"]
[PlyCount "97"]
[GameId "2160767911806674"]
[EventDate "1998.08.05"]
[EventType "swiss"]
[EventRounds "9"]
[EventCountry "CAN"]
[SourceTitle "EXT 1999"]
[Source "ChessBase"]
[SourceDate "1998.11.10"]
[SourceVersion "1"]
[SourceVersionDate "1998.11.10"]
[SourceQuality "1"]

1. d4 d5 2. c4 e6 3. Nf3 Nf6 4. Bg5 Nbd7 5. Nc3 c6 6. e3 Qa5 7. Nd2 Bb4 8. Qc2 O-O 9. Be2 e5 10. O-O exd4 11. Nb3 Qc7 12. Nxd4 Bxc3 13. bxc3 dxc4 14. Bxc4 Qe5 15. Bf4 Qh5 16. e4 Re8 17. Rae1 Nc5 18. f3 Ne6 19. Be3 Nxd4 20. cxd4 Be6 21. Bd3 h6 22. Qb2 Re7 23. Qa3 Rd7 24. Rc1 Ne8 25. Rc5 Qh4 26. Qb2 Qe7 27. Bf2 f6 28. Re1 Qf7 29. Qc2 Rad8 30. h3 g5 31. d5 cxd5 32. Bb5 Re7 33. exd5 Rxd5 34. Bc4 Re5 35. Rexe5 fxe5 36. Rxe5 Bxc4 37. Rxe7 Qxe7 38. Qxc4+ Kg7 39. Bxa7 Qe1+ 40. Kh2 Qe5+ 41. Kh1 b5 42. Qd3 Qe1+ 43. Bg1 Nf6 44. Qxb5 Nh5 45. Qd7+ Kg8 46. Qc8+ Kh7 47. Qc7+ Kg8 48. Kh2 Nf4 49. Bd4 1-0

[Event "North Bay int"]
[Site "North Bay CAN"]
[Date "1998.08.07"]
[Round "6"]
[White "Charest, Johanne"]
[Black "Olson, David L"]
[Result "1/2-1/2"]
[WhiteElo "2110"]
[BlackElo "2135"]
[PlyCount "38"]
[GameId "2160767911806676"]
[EventDate "1998.08.05"]
[EventType "swiss"]
[EventRounds "9"]
[EventCountry "CAN"]
[SourceTitle "EXT 1999"]
[Source "ChessBase"]
[SourceDate "1998.11.10"]
[SourceVersion "1"]
[SourceVersionDate "1998.11.10"]
[SourceQuality "1"]

1. e4 e5 2. Nf3 Nc6 3. Bc4 Nf6 4. d4 exd4 5. O-O Nxe4 6. Re1 d5 7. Bxd5 Qxd5 8. Nc3 Qa5 9. Nxe4 Be6 10. Neg5 O-O-O 11. Nxe6 fxe6 12. Rxe6 Bd6 13. Bd2 Qh5 14. Qe2 d3 15. Qe4 dxc2 16. h3 Bb4 17. Rxc6 Rxd2 18. Rxc2 Rxc2 19. Qxc2 Re8 1/2-1/2